Fyzika v príkladoch
Na minha lista:
| Autor principal: | |
|---|---|
| Formato: | Livro |
| Idioma: | eslovaco |
| Publicado em: |
Bratislava
Alfa
1971
|
| Edição: | 4. vyd. |
| Acesso em linha: | View in OPAC |
| Tags: |
Sem tags, seja o primeiro a adicionar uma tag!
|
MARC
| LEADER | 00000nam a2200000 a 4500 | ||
|---|---|---|---|
| 005 | 20260127134033.0 | ||
| 008 | 000706e1971 xx g slo c | ||
| 035 | |a vtls008558295 | ||
| 035 | |a SAVUKc148414 | ||
| 039 | 9 | |a 200710110944 |b mschk02 |y 200602032125 |z VLOAD | |
| 040 | |a SAVUK |b slo |c SNK |d STUSCHK1 |e AACR2 | ||
| 041 | 1 | |a slo | |
| 100 | 1 | |a Hajko, Vladimír | |
| 245 | 1 | 0 | |a Fyzika v príkladoch |c Vladimír Hajko |
| 250 | |a 4. vyd. | ||
| 260 | |a Bratislava |b Alfa |c 1971 | ||
| 300 | |a 459 s. | ||
| 910 | |a savuk | ||
| 910 | |a SCHK95 | ||
| 999 | |c 2579 |d 2579 | ||